Rankshetram / (Record no. 29355)

000 -LEADER
fixed length control field 00420nam a2200169Ia 4500
003 - CONTROL NUMBER IDENTIFIER
control field OSt
005 - DATE AND TIME OF LATEST TRANSACTION
control field 20250715154127.0
008 - FIXED-LENGTH DATA ELEMENTS--GENERAL INFORMATION
fixed length control field 250310s9999||||xx |||||||||||||| ||und||
040 ## - CATALOGING SOURCE
Transcribing agency .
082 ## - DEWEY DECIMAL CLASSIFICATION NUMBER
Classification number 891.43
Item number S77427
100 ## - MAIN ENTRY--PERSONAL NAME
9 (RLIN) 6134
Personal name Srivastava, Utkarsh
245 #0 - TITLE STATEMENT
Title Rankshetram /
Statement of responsibility, etc. Utkarsh Srivastava
250 ## - EDITION STATEMENT
Edition statement 2nd ed.
260 ## - PUBLICATION, DISTRIBUTION, ETC.
Place of publication, distribution, etc. Allahabad :
Name of publisher, distributor, etc. Anjuman prakashan,
Date of publication, distribution, etc. 2017.
300 ## - PHYSICAL DESCRIPTION
Extent 280 p.
942 ## - ADDED ENTRY ELEMENTS (KOHA)
Koha item type Books
Source of classification or shelving scheme
Holdings
Withdrawn status Lost status Source of classification or shelving scheme Damaged status Not for loan Permanent Location Current Location Date acquired Full call number Barcode Date last seen Price effective from Koha item type
          IMU Kolkata IMU Kolkata 2025-03-10 891.43 S77427 PR00304 2025-03-10 2025-03-10 Books
Designed and Maintained by IMU-KC Library, Kolkata Campus © Copyright All Rights Reserved

webs counters

Powered by Koha